Solaris 9 : Sun certified system administrator : Study guide
With over a million licensed users for Solaris 8, Sun Microsystems successfully launched the long awaited Solaris 9 O/S in May 2002. Soon after, Sun revamped their popular certification track to include two tiered certifications. With new objectives, the Certified System Administrator, is positioned...
Đã lưu trong:
| 主要作者: | |
|---|---|
| 格式: | 圖書 |
| 語言: | Undetermined |
| 出版: |
San Francisco
Sybex
2003
|
| 主題: | |
| 標簽: |
添加標簽
沒有標簽, 成為第一個標記此記錄!
|
| Thư viện lưu trữ: | Trung tâm Học liệu Trường Đại học Cần Thơ |
|---|
| LEADER | 01265nam a2200229Ia 4500 | ||
|---|---|---|---|
| 001 | CTU_166109 | ||
| 008 | 210402s9999 xx 000 0 und d | ||
| 020 | |c 49.99 | ||
| 082 | |a 005.4465 | ||
| 082 | |b D637 | ||
| 100 | |a Docter, Quentin | ||
| 245 | 0 | |a Solaris 9 : | |
| 245 | 0 | |b Sun certified system administrator : Study guide | |
| 245 | 0 | |c Quentin Docter | |
| 260 | |a San Francisco | ||
| 260 | |b Sybex | ||
| 260 | |c 2003 | ||
| 520 | |a With over a million licensed users for Solaris 8, Sun Microsystems successfully launched the long awaited Solaris 9 O/S in May 2002. Soon after, Sun revamped their popular certification track to include two tiered certifications. With new objectives, the Certified System Administrator, is positioned to be one of the most popular IT certifications. In order to obtain your Certified System Administrator certification, one must pass two exams. Note: CD-ROM/DVD and other supplementary materials are not included as part of eBook file. | ||
| 650 | |a Electronic data processing personnel,Operating systems (Computers),Hệ điều hành (máy tính) | ||
| 650 | |x Certification,Examinations,Chứng nhận,Kiểm định | ||
| 904 | |i Bạch Trúc | ||
| 980 | |a Trung tâm Học liệu Trường Đại học Cần Thơ | ||